000
00276nam a2200097Ia 4500
001
698677
005
20250826162056.0
008
250824s9999 xx 000 0 und d
245
0
_a
ROBINSON CRUSOE (ANTİK DÜNYA KLASİKLERİ)
_c
DANIEL DEFOE
260
_b
ANTİK DÜNYA KLASİKLERİ
999
_c
698677
_d
698677